000 00927cam a2200265 i 4500
001 864896
005 20160927020003.0
008 790829s1980 maua b 001 0 eng
010 _a 79020995
020 _a0205068030 :
_c$17.95
040 _aDLC
_cDLC
_dDLC
050 0 0 _aHA29
_b.H855 1980
082 0 0 _a519.5/4
100 1 _aHuntsberger, David V.
245 1 0 _aStatistical inference for management and economics /
_cDavid V. Huntsberger, D. James Croft, Patrick Billingsley.
250 _a2d ed.
260 _aBoston :
_bAllyn and Bacon,
_cc1980.
300 _axiv, 646, 44 p. :
_bill. ;
_c24 cm.
504 _aIncludes bibliographies and index.
650 0 _aStatistics.
700 1 _aCroft, D. James
_q(David James),
_d1942-
_ejoint author.
700 1 _aBillingsley, Patrick,
_ejoint author.
906 _a7
_bcbc
_corignew
_d1
_eocip
_f19
_gy-gencatlg
942 _2lcc
_cBOOKS
_hHA 29 .H855 1980
_01
999 _c11505
_d11505